K̲h̲ān Bābā. (Record no. 73792)

MARC details
000 -LEADER
fixed length control field 00526cam a22002171 4500
001 - CONTROL NUMBER
control field sa 67003324
003 - CONTROL NUMBER IDENTIFIER
control field DLC
005 - DATE AND TIME OF LATEST TRANSACTION
control field 20260227112337.0
008 - FIXED-LENGTH DATA ELEMENTS--GENERAL INFORMATION
fixed length control field 890621s1965 ii c 000 0 urdr
010 ## - LIBRARY OF CONGRESS CONTROL NUMBER
LC control number sa 67003324
035 ## - SYSTEM CONTROL NUMBER
System control number (OCoLC)19907786
040 ## - CATALOGING SOURCE
Original cataloging agency DLC
Transcribing agency WaU
Modifying agency DLC
042 ## - AUTHENTICATION CODE
Authentication code premarc
050 00 - LIBRARY OF CONGRESS CALL NUMBER
Classification number DS481.K41
Item number P5
100 0# - MAIN ENTRY--PERSONAL NAME
Personal name Piare Lal,
Dates associated with a name 1915-
245 10 - TITLE STATEMENT
Title K̲h̲ān Bābā.
260 ## - PUBLICATION, DISTRIBUTION, ETC.
Date of publication, distribution, etc. [1965]
300 ## - PHYSICAL DESCRIPTION
Extent 62 p.
Other physical details ports.
Dimensions 18 cm.
500 ## - GENERAL NOTE
General note In Urdu.
600 10 - SUBJECT ADDED ENTRY--PERSONAL NAME
Personal name Khan, Abdul Ghaffar,
Dates associated with a name 1890-1988.

No items available.

Powered by Koha